000 00712nam a2200217 a 4500
001 000035695
003 DO-SdBNP
005 20221124091849.0
007 ta
008 111108s2011 dr r 000 0 spa d
020 _a9789945004809
040 _aDO-SdBNP
_bspa
_cBNPHU
082 4 _bM296h
_222
100 1 _aManzanillo, Carlos
_961626
245 1 0 _aHaciendo discípulos en grupos pequeños :
_bcómo multiplicar grandemente el número de creyentes /
_cCarlos Manzanillo ; prólogo Mechor Ferreyra.
260 _aSanto Domingo :
_bEdward Araújo,
_c2011.
300 _a238 p. ;
_c23 cm.
500 _aIncluye datos biográficos del autor en la solapa
590 _aInventariado, 2019/BT
942 _2ddc
_cLBS1
999 _c35186
_d35186